| Поле | Название | Значение |
| |
Тип записи |
a |
| |
Библиографический уровень |
m |
| 001 |
Контрольный номер |
RU\NLR\bibl\1140770 |
| 005 |
Дата корректировки |
20180510181923.1 |
| 010 |
Индекс ISBN |
__ |
| a |
ISBN |
978-5-699-22863-8 |
| d |
Цена |
135-39 |
| 100 |
Данные общей обработки |
__ |
| a |
Данные общей обработки |
19071016d2007 |||y0rusy0189 ca |
| 101 |
Язык документа |
__ |
| a |
Язык текста |
rus |
| 102 |
Страна публикации |
__ |
| a |
Страна публикации |
RU |
| 102 |
Страна публикации |
__ |
| a |
Страна публикации |
RU |
| 105 |
Кодированные данные (монография) |
__ |
| a |
Кодированные данные (монография) |
a |||||||zy |
| 200 |
Заглавие и сведения об ответственности |
1_ |
| a |
Заглавие |
Вкусная сказка из теста. Лепим "Колобок" |
| e |
Сведения, относящиеся к заглавию |
замешиваем тесто, используем овощи и фрукты, секреты лепки фигурок, делаем декорации, разыгрываем сказку |
| f |
Первые сведения об ответственности |
Анна Белова |
| 210 |
Выходные данные |
__ |
| a |
Место издания |
Москва |
| c |
Издательство |
Эксмо |
| d |
Дата издания |
2007 |
| 215 |
Физическое описание |
__ |
| a |
Объем |
63 с. |
| c |
Иллюстрации/тип воспроизводства |
цв. ил. |
| 225 |
Серия (Журнальная рубрика) |
__ |
| a |
Серия (Журнальная рубрика) |
Азбука рукоделия |
| i |
Наименование части |
Вместе с детьми |
| 318 |
Примечание о действии |
__ |
| a |
Действие |
п |
| 330 |
Аннотация |
__ |
| a |
Аннотация |
На носу праздник и вы пригласили друзей своего малыша? Чем же занять маленьких непосед? Как сделать вкусное и забавное угощение для малышей, которое понравится всем? Легко! При этом в процессе приготовления этого поистине сказочного блюда будут участвовать сами дети, что, без сомнения, не оставит их равнодушными. Этот праздник они запомнят надолго! |
| 517 |
Другие варианты заглавия |
__ |
| a |
Другие варианты заглавия |
Лепим "Колобок" |
| 606 |
Тематические рубрики |
__ |
| a |
Основная рубрика |
Пищевые производства |
| 610 |
Ключевые слова |
__ |
| a |
Ключевые слова |
блюда из теста |
| a |
Ключевые слова |
выпечка из теста |
| a |
Ключевые слова |
домашнее образование |
| a |
Ключевые слова |
лепка из теста |
| a |
Ключевые слова |
мучные изделия |
| a |
Ключевые слова |
тесто |
| 686 |
Индексы других классификаций |
__ |
| a |
Индекс ББК |
36.992 |
| a |
Индекс ББК |
74.900.6 |
| 700 |
Автор |
_1 |
| a |
Фамилия |
Белова |
| b |
Имя |
А. |
| g |
Полное личное имя |
Анна |
| 4 |
Код отношения |
070 |
| 801 |
Источник записи |
_0 |
| a |
Страна |
RU |
| b |
Организация |
NLR |
| c |
Дата составления |
20071016 |
| 801 |
Источник записи |
_1 |
| a |
Страна |
RU |
| b |
Организация |
NLR |
| c |
Дата составления |
20071016 |
| 801 |
Источник записи |
_2 |
| a |
Страна |
RU |
| b |
Организация |
Сургутская Центральная районная библиотека |
| c |
Дата составления |
20071016 |
| 852 |
Данные о местонахождении |
__ |
| j |
Шифр хранения |
36.992 |
| i |
Авторский знак |
Б 43 |
| p |
Инвентарный номер |
78632 |
| b |
Сигла хранения |
ООЧ; 9; 12; 14; 18; 22; 24; 26; 29; 32 |
| 901 |
Тип документа |
__ |
| t |
Тип документа |
m |
| 902 |
Роль лиц |
__ |
| a |
Создатель БЗ |
ОКиО/Озыряненко |
| 990 |
Данные о заказе (DOS) |
__ |
| j |
Количество экземпляров (DOS) |
10 |
| h |
N записи в КСУ для Б/У (DOS) |
2010-6 |